| 000 | 00000nam##2200000za#4500 |
| 001 | 9.625908 |
| 003 | CaOODSP |
| 005 | 20200421163424 |
| 007 | ta |
| 008 | 150406|2001||||xxc||||| f|0| 0 fre|d |
| 020 | |a0-662-86041-1 |
| 040 | |aCaOODSP|bfre |
| 043 | |an-cn--- |
| 086 | 1 |aNH18-24/28IF |
| 110 | 2 |aSociété canadienne d'hypothèques et de logement. |
| 245 | 10|aAvant d'améliorer l'efficacité énergétique de votre maison-installations mécaniques |
| 260 | |aOttawa - Ontario : |bSociété canadienne d'hypothèques et de logement |c2001. |
| 300 | |a6p. : |bfigure ; |c28 cm. |
| 490 | 1 |aVotre maison |vCF28I |
| 563 | |aDépliant |
| 590 | |a02-11|b2002-03-15 |
| 691 | 07|aLogement|2gcpds |
| 691 | 07|aRendement énergétique|2gcpds |
| 776 | 0#|tAvant d'améliorer l'efficacité énergétique de votre maison : installations mécaniques |w(CaOODSP)9.602232 |
| 830 | #0|aVotre maison ;|vCF28I|w(CaOODSP)9.513181 |